000 01137nam0a22003011 4500
001 rc\3124239
005 20120615094715.3
021 _aRU
_b75-57757
021 _aRU
_bРг884-76
035 _a(NLR Aleph) 007281697
090 _a5516294
_c5516294
100 _a20120615d1975 |||y0rusy50 ca
101 0 _arus
102 _aRU
105 _ay z |||||
200 1 _aОсновные производственные фонды колхозов, их воспроизводство и отдача
_f[Общ. ред. и сост. к. э. н. П.К. Ерыгина]
210 _aКраснодар
_cКн. изд-во
_d1975
215 _a144 с.
_d21
300 _aНа обороте тит. л. авт.: А.М. Отенко, Г.С. Оленская, О.В. Бадякин [и др.]
701 1 _aОтенко
_bА. М.
_gАлександр Маркович
701 1 _aОленская
_bГ. С.
701 1 _aБадякин
_bО. В.
702 1 _aЕрыгин
_bП. К.
_gПетр Карпович
_4340
_4220
801 0 _aRU
_bNLR
_gpsbo
801 1 _aRU
_bELAR
_2rusmarc
852 _aNLR
_j76-3/290
942 _cBOOK
980 _aNB